000 00526nam a2200181Ia 4500
008 100920s9999 xx 000 0 und d
082 _b93228
_a--- न 05
100 _aआवळसकर प्रल्हाद.
245 _aकावड.
260 _bप्रतिक प्रकाशन, पुणे.
_c2005
300 _a140
_bसाधी
365 _b100
520 _aकादंबरी.
630 _aकावड.
650 _aकादंबरी.
730 _aकावड.
942 _cBOOK
999 _c733671
_d733668